000 00786nam a2200253 a 4500
001 000009990
003 DO-SdBNP
005 20240229062259.0
008 091002s2003 dr 000 0 spa d
020 _a9993473235
040 _aDO-SdBNP
_bspa
_cBPMSU
082 4 _aRD863.44
_bU42a 2003
_222
100 1 _aUlloa, Alberto
_d1950-2011
100 z _aU., Alberto
245 1 0 _aAl son del amor :
_b(escrito en Madrid: 1975-77) /
_cAlberto Ulloa ; edición Tomás Castro Burdiez.
260 _aSanto Domingo :
_bEditora de Colores,
_c2003.
300 _a249 p. ;
_c22 cm.
590 _aInventariado, 2024 /VM
650 4 _aPoesía dominicana
650 4 _aLiteratura dominicana.
700 1 _aCastro Burdiez, Tomás,
_eed.
910 _aVMateo V. Control de calidad BPMSU
942 _2ddc
_cBK
999 _c12737
_d12737